000 01385cad a22002775a 4500
001 L152221
008 110211s2010 xxk f 000 0 eng d
020 _a9781934926277
035 _a(Sirsi) u152221
041 0 _aeng
110 0 _aMcGraw-Hill Construction
_95916
245 0 4 _aThe business value of BIM in Europe
_bgetting building information modeling to the bottom line in the United Kingdom, France and Germany
_h[electronic resource]
260 _aBedford, MA
_bMcGraw-Hill
_c2010
490 0 _aSmartMarket Report
520 _aPresents findings from research conducted in 2010 about how architects, engineers and contractors in the United Kingdom, France and Germany are adopting, implementing and deriving value from building information modelling (BIM). Examines the adoption, overall value of BIM, internal business value of BIM, project value of BIM, player value of BIM, looks at case studies and industry and technology perspectives. RICS contributed to the survey.
590 _aKA NTK
650 2 4 _aBUILDING INFORMATION MODELLING
650 2 4 _aBIM
_96219
651 4 _aUnited Kingdom
_y
651 4 _aFrance
651 4 _aGermany
_y1990-
690 _aBIM
_96219
710 1 _aAutodesk
856 4 0 _uhttps://images.autodesk.com/adsk/files/business_value_of_bim_in_europe_smr_final.pdf
_zView this item free of charge at bim.construction.com
942 _n0
999 _c111926
_d111926